| 000 | 00374nam a2200145Ia 4500 | ||
|---|---|---|---|
| 008 | 230917s9999||||xx |||||||||||||| ||und|| | ||
| 040 |
_e39239 _aMAIN |
||
| 041 | _aEnglish | ||
| 082 | _a822.09 B726G | ||
| 100 | _aBradbrook, M C | ||
| 245 | 0 | _aGrowth and structure of Elizabethan comedy | |
| 260 |
_aLondon _bChatt and Windus _c1962 |
||
| 300 | _aix, 245 p. | ||
| 942 | _cBK | ||
| 999 |
_c222969 _d222969 |
||